Diccionario universal del arte y de los artistas. (Record no. 184196)

MARC details
000 -LEADER
campo de control de longitud fija 00942nam a2200229 i 4500
001 - NÚMERO DE CONTROL
campo de control 184196
003 - IDENTIFICADOR DE NÚMERO DE CONTROL
campo de control ES-MaACL
005 - FECHA Y HORA DE LA ÚLTIMA TRANSACCIÓN
campo de control 20251015164743.0
008 - DATOS DE LONGITUD FIJA--INFORMACIÓN GENERAL
campo de control de longitud fija 150424s1970 sp ao d |||| |dspa d
080 ## - NÚMERO DE LA CLASIFICACIÓN DECIMAL UNIVERSAL
Número de la Clasificación Decimal Universal 929:75(100)(38)
245 00 - MENCIÓN DEL TÍTULO
Título Diccionario universal del arte y de los artistas.
Nombre de parte o sección de la obra Pintores /
Mención de responsabilidad, etc. [publicado bajo la dirección de Robert Maillard ; traducción y adaptación de Juan-Eduardo Cirlot].
246 35 - FORMA VARIANTE DEL TITULO
Título propio/Titulo breve Diccionario universal de pintores
260 ## - PUBLICACIÓN, DISTRIBUCIÓN, ETC.
Lugar de publicación, distribución, etc. Barcelona :
Nombre del editor, distribuidor, etc. Gustavo Gili,
Fecha de publicación, distribución, etc. [1970]
300 ## - DESCRIPCIÓN FÍSICA
Extensión 3 v. :
Otras características físicas il. col. y n. ;
Dimensiones 25 cm.
505 8# - NOTA DE CONTENIDO CON FORMATO
Nota de contenido con formato Contiene: I ;
Título Aachen-Gysbrechts - II ;
-- Haecht-Ozenfant - III ;
-- Paalen-Zurbarán
650 #4 - PUNTO DE ACCESO ADICIONAL DE MATERIA--TÉRMINO DE MATERIA
Término de materia o nombre geográfico como elemento de entrada Pintores-
Subdivisión general Biografías-
Subdivisión de forma Diccionarios.
9 (RLIN) 156792
650 #4 - PUNTO DE ACCESO ADICIONAL DE MATERIA--TÉRMINO DE MATERIA
Término de materia o nombre geográfico como elemento de entrada Pintura-
Subdivisión de forma Diccionarios.
9 (RLIN) 156793
700 1# - ENTRADA AGREGADA--NOMBRE PERSONAL
Nombre de persona Maillard, Robert.
9 (RLIN) 75579
700 1# - ENTRADA AGREGADA--NOMBRE PERSONAL
Nombre de persona Cirlot, Juan-Eduardo,
Fechas asociadas al nombre 1916-1973
9 (RLIN) 38898
852 ## - LOCALIZACIÓN
Ubicación ES-MaACL
Número de control de estantería E-15576-78
Nota libre . - enc. cart.
Holdings
Estatus retirado Estado de pérdida Estado de daño No para préstamo Colección Biblioteca de origen Biblioteca actual Ubicación en estantería Fecha de adquisición Fuente de adquisición Total de préstamos Signatura topográfica completa Código de barras Visto por última vez Precio de reemplazo Tipo de ítem Koha
        Colección de referencia Biblioteca del Ateneo de Madrid Biblioteca del Ateneo de Madrid Depósito 2 24/04/2015     E-15576-78 1193748 23/02/2023 23/02/2023 Libro impreso